[Event "SLO-chT1 West 29th"]
[Site "Slovenia"]
[Date "2019.10.20"]
[Round "9.4"]
[White "Zamar Kodelja, Jurij"]
[Black "Petek, Primoz"]
[Result "0-1"]
[WhiteElo "2282"]
[BlackElo "2063"]
[PlyCount "56"]
[EventDate "2019.09.20"]
[EventType "team-tourn"]
[EventRounds "9"]
[EventCountry "SLO"]
[SourceTitle "CBM 192 Extra"]
[Source "Chessbase"]
[SourceDate "2019.11.06"]
[SourceVersion "1"]
[SourceVersionDate "2019.11.06"]
[SourceQuality "1"]
[WhiteTeam "Nova Gorica"]
[BlackTeam "Gorenjka Lesce"]
[WhiteTeamCountry "SLO"]
[BlackTeamCountry "SLO"]

1. d4 d5 2. c4 Nc6 3. e3 e5 4. cxd5 Qxd5 5. Nc3 Bb4 6. a3 Bxc3+ 7. bxc3 Nge7 8. c4 Qd6 9. d5 Nb8 10. Nf3 0-0 11. Bb2 Ng6 12. Be2 Nd7 13. Nd2 Nc5 14. Nb3 b6 15. Nxc5 bxc5 16. Qd2 Rb8 17. 0-0 Nh4 18. Kh1 e4 19. f4 Qh6 20. Be5 Nf5 21. Rfb1 Rxb1+ 22. Rxb1 Qa6 23. Qc3 c6 24. Bg4 cxd5 25. cxd5 Nxe3 26. Bxc8 Qe2 27. Bh3 Nd1 28. Rxd1 Qxd1+ 0-1

[Event "Pardubice Czech op-C 30th"]
[Site "Pardubice"]
[Date "2019.07.25"]
[Round "7"]
[White "Shtompel, Yuriy"]
[Black "Petek, Primoz"]
[Result "1-0"]
[WhiteElo "1803"]
[BlackElo "2092"]
[PlyCount "179"]
[EventDate "2019.07.20"]
[EventType "swiss"]
[EventRounds "9"]
[EventCountry "CZE"]
[SourceTitle "EXT 2020"]
[Source "ChessBase"]
[SourceDate "2019.10.17"]
[SourceVersion "1"]
[SourceVersionDate "2019.10.17"]
[SourceQuality "1"]

1. e4 b6 2. d4 Bb7 3. Nc3 e6 4. Bd3 Nf6 5. Nf3 c5 6. 0-0 cxd4 7. Nxd4 Nc6 8. Be3 Ne5 9. Bf4 Nxd3 10. Qxd3 Bb4 11. Ndb5 0-0 12. Bd6 Bxd6 13. Nxd6 Bc6 14. Rad1 Ne8 15. Ncb5 a6 16. Nd4 Nxd6 17. Nxc6 dxc6 18. Qxd6 Qf6 19. Qd4 Qg6 20. f4 c5 21. Qe5 Rad8 22. Rxd8 Rxd8 23. Qc7 Rf8 24. Qxb6 Qxe4 25. Qxc5 g6 26. Qc3 Rd8 27. g3 h5 28. Re1 Qb7 29. h4 Rd5 30. b3 Qd7 31. Re5 Rd1+ 32. Kf2 Rd2+ 33. Re2 Rd1 34. Re5 Rh1 35. Rc5 Qa7 36. Ke2 Rh2+ 37. Kd1 Kh7 38. Kc1 Qe7 39. Kb2 Re2 40. Rc8 e5 41. Rc7 Qe8 42. Qc4 exf4 43. Rxf7+ Kh8 44. Rxf4 Qe5+ 45. Ka3 Qd6+ 46. b4 Re3+ 47. c3 a5 48. Rf8+ Qxf8 49. Qd4+ Kh7 50. Qxe3 Qd6 51. Ka4 axb4 52. cxb4 Qa6+ 53. Kb3 Qd6 54. Qa7+ Kh6 55. Qe3+ Kh7 56. Kc4 Qa6+ 57. Kb3 Qd6 58. a3 Qd1+ 59. Kc4 Qa4 60. Qe7+ Kg8 61. Qf6 Qc2+ 62. Qc3 Qa4 63. Qd3 Kh7 64. Kc5 Qa7+ 65. Kb5 Qb7+ 66. Ka4 Qc6+ 67. b5 Qa8+ 68. Kb3 Qg8+ 69. Qc4 Qe8 70. Kb4 Qe7+ 71. Qc5 Qe1+ 72. Qc3 Qe7+ 73. Kb3 Qe6+ 74. Ka4 Qe4+ 75. Kb3 Qd5+ 76. Qc4 Qf3+ 77. Kb4 Qxg3 78. b6 Qd6+ 79. Qc5 Qf4+ 80. Kb5 Qxh4 81. b7 Qf4 82. Kb6 Kh6 83. Qb4 Qe3+ 84. Qc5 Qe6+ 85. Ka7 Qd7 86. Qe3+ Kh7 87. Qe4 Qc7 88. Qd5 Qe7 89. a4 Qe3+ 90. Ka8 1-0

[Event "Pardubice Czech op-C 30th"]
[Site "Pardubice"]
[Date "2019.07.24"]
[Round "6"]
[White "Petek, Primoz"]
[Black "Obrochta, Lena"]
[Result "1-0"]
[WhiteElo "2092"]
[BlackElo "1598"]
[PlyCount "103"]
[EventDate "2019.07.20"]
[EventType "swiss"]
[EventRounds "9"]
[EventCountry "CZE"]
[SourceTitle "EXT 2020"]
[Source "ChessBase"]
[SourceDate "2019.10.17"]
[SourceVersion "1"]
[SourceVersionDate "2019.10.17"]
[SourceQuality "1"]

1. c4 e5 2. Nc3 Nf6 3. Nf3 Nc6 4. e4 Bb4 5. d3 d6 6. Be2 Nd4 7. Nxd4 exd4 8. Qa4+ Bd7 9. Qxb4 a5 10. Qb3 dxc3 11. Qxc3 h6 12. 0-0 0-0 13. f4 Qe7 14. Bf3 Bc6 15. Be3 Rfd8 16. Rae1 a4 17. f5 Nd7 18. d4 b6 19. e5 Bxf3 20. f6 Qf8 21. fxg7 Kxg7 22. Rxf3 Re8 23. e6 Rxe6 24. d5+ Re5 25. Bd4 Kh7 26. Bxe5 Nxe5 27. Rxe5 dxe5 28. Qxe5 Re8 29. Qf5+ Kg8 30. Rg3+ Kh8 31. Qf6+ Kh7 32. h3 Qc5+ 33. Kh2 Qf8 34. b4 axb3 35. axb3 Rd8 36. b4 Rd6 37. Qf5+ Kh8 38. c5 bxc5 39. bxc5 Rd8 40. Rf3 Kg8 41. Rg3+ Kh8 42. Rd3 Re8 43. Qf4 Rc8 44. d6 cxd6 45. Rxd6 Kh7 46. Rf6 Kg8 47. Rxh6 Qg7 48. c6 Ra8 49. Rd6 Rc8 50. c7 Qf8 51. Qg5+ Kh7 52. Rd8 1-0

[Event "SLO-chT1 West"]
[Site "Ljubljana"]
[Date "2015.10.18"]
[Round "3"]
[White "Petek, Primoz"]
[Black "Bulic, Josip"]
[Result "1/2-1/2"]
[WhiteElo "2080"]
[BlackElo "2256"]
[PlyCount "107"]
[EventDate "2015.10.16"]
[EventType "team-tourn"]
[EventRounds "9"]
[EventCountry "SLO"]
[SourceTitle "EXT 2019"]
[Source "ChessBase"]
[SourceDate "2018.10.10"]
[SourceVersion "1"]
[SourceVersionDate "2018.10.10"]
[SourceQuality "1"]
[WhiteTeam "Gorenjka Lesce"]
[BlackTeam "Piran"]
[WhiteTeamCountry "SLO"]
[BlackTeamCountry "SLO"]

1. c4 c6 2. g3 d5 3. Bg2 Nf6 4. Nf3 Bf5 5. cxd5 cxd5 6. Qb3 Qc8 7. Nc3 e6 8. d3 Be7 9. Bf4 0-0 10. Nb5 Nc6 11. 0-0 Nh5 12. Bd6 Qd8 13. Qa3 Bg6 14. Rfc1 a6 15. Bxe7 Nxe7 16. Nbd4 Rc8 17. Rxc8 Nxc8 18. Rc1 Nf6 19. Qc5 Nd6 20. Qc7 Qxc7 21. Rxc7 Rd8 22. Ne5 Nfe8 23. Rc2 Kf8 24. f4 Ke7 25. Kf2 f6 26. Nxg6+ hxg6 27. Bh3 Nf5 28. Nxe6 Kxe6 29. e4 dxe4 30. dxe4 Ned6 31. exf5+ gxf5 32. Bg2 Kd7 33. h4 Re8 34. Bf3 Re7 35. b3 Ne4+ 36. Bxe4 fxe4 37. g4 g6 38. Ke3 f5 39. h5 gxh5 40. gxf5 h4 41. Rh2 Rh7 42. Kxe4 Ke7 43. Kf3 Kf6 44. Kg4 Rg7+ 45. Kxh4 Kxf5 46. Rf2 Rg4+ 47. Kh3 Rxf4 48. Kg3 Rxf2 49. Kxf2 Ke4 50. Ke2 Kd4 51. Kd2 b6 52. a4 b5 53. axb5 axb5 54. b4 1/2-1/2

[Event "SLO-chT1 West"]
[Site "Ljubljana"]
[Date "2014.10.26"]
[Round "9.10"]
[White "Petek, Primoz"]
[Black "Matijevic, Filip"]
[Result "1/2-1/2"]
[WhiteElo "2083"]
[BlackElo "2175"]
[PlyCount "168"]
[EventDate "2014.10.03"]
[EventType "team-tourn"]
[EventRounds "9"]
[EventCountry "SLO"]
[SourceTitle "EXT 2019"]
[Source "ChessBase"]
[SourceDate "2018.10.10"]
[SourceVersion "1"]
[SourceVersionDate "2018.10.10"]
[SourceQuality "1"]
[WhiteTeam "Gorenjka Lesce"]
[BlackTeam "Val Koper"]
[WhiteTeamCountry "SLO"]
[BlackTeamCountry "SLO"]

1. c4 Nf6 2. g3 g6 3. Bg2 d5 4. cxd5 Nxd5 5. Nc3 Nb6 6. Nf3 Bg7 7. 0-0 0-0 8. b3 Nc6 9. Bb2 Re8 10. d3 e5 11. Qd2 Nd4 12. Nxd4 exd4 13. Ne4 c6 14. Rac1 a5 15. a3 Qe7 16. Rfe1 Nd5 17. Qc2 f5 18. Nd2 Be6 19. Nf3 Bf7 20. Nxd4 Ne3 21. Nxc6 Nxc2 22. Nxe7+ Rxe7 23. Rxc2 Bxb3 24. Rd2 Bh6 25. e3 Rc8 26. Rc1 Rxc1+ 27. Bxc1 Rc7 28. Bb2 Bf8 29. Bf3 b5 30. Bd1 Bxd1 31. Rxd1 Rc2 32. Rb1 Rd2 33. Bc3 Rxd3 34. Bxa5 Bxa3 35. Rxb5 Rd7 36. Rb8+ Kf7 37. Rc8 Bf8 38. Rc7 Rxc7 39. Bxc7 Ke6 40. f3 Bc5 41. Kf2 h5 42. Ke2 Be7 43. Kd3 Bc5 44. h3 Ba7 45. e4 fxe4+ 46. fxe4 Bc5 47. Ke2 Bb4 48. Kf3 Kf6 49. g4 Bc3 50. Bf4 Bb4 51. gxh5 gxh5 52. Bc1 Bc3 53. Be3 Bb2 54. Bd2 Bd4 55. Be3 Bb2 56. Bb6 Bc3 57. Bc7 Bd2 58. Ke2 Bb4 59. Kd3 Ke6 60. Bf4 Be7 61. Bd2 Bc5 62. Bc3 Bb6 63. Bd4 Bc7 64. Ke3 Bd6 65. Kf3 Bc7 66. Bg7 Bd6 67. Ke3 Bc7 68. Bc3 Bd6 69. Bg7 Bc7 70. Bh6 Bd6 71. Bf4 Bb4 72. Kd4 Be7 73. Bc7 Bg5 74. Bg3 Bf6+ 75. Ke3 Bc3 76. Bf2 Be5 77. Kf3 Bd6 78. Bg3 Bb4 79. Bf4 Bc3 80. Bh2 Bb2 81. Bg1 Be5 82. Bf2 Bd6 83. Be1 Be5 84. Bb4 Bc7 1/2-1/2

[Event "SLO-chT1 West"]
[Site "Ljubljana"]
[Date "2014.10.25"]
[Round "8.4"]
[White "Kovacic, Peter"]
[Black "Petek, Primoz"]
[Result "1/2-1/2"]
[WhiteElo "2175"]
[BlackElo "2083"]
[PlyCount "22"]
[EventDate "2014.10.03"]
[EventType "team-tourn"]
[EventRounds "9"]
[EventCountry "SLO"]
[SourceTitle "EXT 2019"]
[Source "ChessBase"]
[SourceDate "2018.10.10"]
[SourceVersion "1"]
[SourceVersionDate "2018.10.10"]
[SourceQuality "1"]
[WhiteTeam "Tomo Zupan Vzajemna"]
[BlackTeam "Gorenjka Lesce"]
[WhiteTeamCountry "SLO"]
[BlackTeamCountry "SLO"]

1. Nc3 e5 2. e4 Nf6 3. d4 exd4 4. Qxd4 Nc6 5. Qc4 Bb4 6. Bd2 0-0 7. 0-0-0 d6 8. a3 Be6 9. Nd5 Bxd2+ 10. Rxd2 Re8 11. Nf3 Bxd5 1/2-1/2

[Event "SLO-chT1 West"]
[Site "Ljubljana"]
[Date "2014.10.03"]
[Round "1"]
[White "Petek, Primoz"]
[Black "Rozic, Samo"]
[Result "1/2-1/2"]
[WhiteElo "2083"]
[BlackElo "2161"]
[PlyCount "167"]
[EventDate "2014.10.03"]
[EventType "team-tourn"]
[EventRounds "9"]
[EventCountry "SLO"]
[SourceTitle "EXT 2019"]
[Source "ChessBase"]
[SourceDate "2018.10.10"]
[SourceVersion "1"]
[SourceVersionDate "2018.10.10"]
[SourceQuality "1"]
[WhiteTeam "Gorenjka Lesce"]
[BlackTeam "Ig"]
[WhiteTeamCountry "SLO"]
[BlackTeamCountry "SLO"]

1. c4 e5 2. Nc3 Nc6 3. g3 g6 4. Bg2 Bg7 5. Nf3 d6 6. 0-0 f5 7. d3 Nf6 8. Rb1 0-0 9. Bg5 h6 10. Bxf6 Qxf6 11. Nd5 Qf7 12. b4 Be6 13. Nd2 g5 14. b5 Nd8 15. a4 Rc8 16. a5 g4 17. f4 gxf3 18. Bxf3 c6 19. bxc6 bxc6 20. Nb4 d5 21. Qc2 Qg6 22. Kh1 e4 23. Bg2 Nf7 24. Qa4 Ne5 25. cxd5 cxd5 26. dxe4 dxe4 27. Rfc1 Ng4 28. Nc6 Qh5 29. Nf1 f4 30. Ne7+ Kh8 31. Rxc8 Bxc8 32. Rb8 Be6 33. Rxf8+ Bxf8 34. Qc6 Qf7 35. Nc8 Bd5 36. Qc3+ Bg7 37. Qc5 f3 38. exf3 exf3 39. Bh3 Qb7 40. Ne7 Qxe7 41. Qc8+ Bf8 42. Qxg4 Qe4 43. Qxe4 Bxe4 44. g4 Bc5 45. Ng3 Bd5 46. Bf1 Kg8 47. h4 Be6 48. g5 hxg5 49. hxg5 Bb4 50. a6 Bd2 51. g6 Bf4 52. Ne4 Bf5 53. Bd3 Kg7 54. Nc5 Bh3 55. Ne4 Bg2+ 56. Kg1 Kxg6 57. Kf2 Kh5 58. Bf1 Bxf1 59. Kxf1 Be3 60. Nf6+ Kg5 61. Ne4+ Kf4 62. Nf2 Bd4 63. Nd3+ Ke4 64. Nf2+ Kd5 65. Ng4 Kc6 66. Nh2 f2 67. Ng4 Kb6 68. Nxf2 Kxa6 69. Ne4 Kb5 70. Ke2 Kc4 71. Kd2 a5 72. Kc2 a4 73. Kb1 Kd3 74. Nd6 Bc5 75. Nf5 Ke4 76. Ng3+ Kf3 77. Nf5 Kf4 78. Ng7 Bd6 79. Ka2 Kg5 80. Ne8 Be5 81. Nc7 Bxc7 82. Ka3 Ba5 83. Kxa4 Bb4 84. Kxb4 1/2-1/2

[Event "Ljubljana-chT 67th"]
[Site "Gostovanja"]
[Date "2014.03.13"]
[Round "7.2"]
[White "Borisek, Anze"]
[Black "Petek, Primoz"]
[Result "0-1"]
[WhiteElo "1951"]
[BlackElo "2087"]
[PlyCount "42"]
[EventDate "2014.01.09"]
[EventType "team-tourn"]
[EventRounds "9"]
[EventCountry "SLO"]
[SourceTitle "EXT 2015"]
[Source "ChessBase"]
[SourceDate "2014.11.20"]
[SourceVersion "1"]
[SourceVersionDate "2014.11.20"]
[SourceQuality "1"]
[WhiteTeam "Podpec"]
[BlackTeam "Crni Vitezi"]
[WhiteTeamCountry "SLO"]
[BlackTeamCountry "SLO"]

1. f4 e5 2. fxe5 d6 3. exd6 Bxd6 4. Nf3 Nf6 5. d4 Ng4 6. Qd3 c5 7. dxc5 Bxc5 8. Qb5+ Nd7 9. Nc3 Bf2+ 10. Kd1 Bb6 11. Ne4 0-0 12. Ke1 Ndf6 13. Bg5 Re8 14. Bxf6 gxf6 15. Rd1 Qe7 16. h3 Qxe4 17. hxg4 Bxg4 18. Qd3 f5 19. Ng5 Qf4 20. Nf3 Qg3+ 21. Kd2 Rad8 0-1

[Event "SLO-chT1 West"]
[Site "Ljubljana"]
[Date "2013.09.29"]
[Round "3"]
[White "Petek, Primoz"]
[Black "Skok, Joze"]
[Result "1/2-1/2"]
[WhiteElo "2087"]
[BlackElo "2005"]
[PlyCount "64"]
[EventDate "2013.09.27"]
[EventType "team-tourn"]
[EventRounds "9"]
[EventCountry "SLO"]
[SourceTitle "EXT 2019"]
[Source "ChessBase"]
[SourceDate "2018.10.10"]
[SourceVersion "1"]
[SourceVersionDate "2018.10.10"]
[SourceQuality "1"]
[WhiteTeam "Gorenjka Lesce"]
[BlackTeam "Domzale"]
[WhiteTeamCountry "SLO"]
[BlackTeamCountry "SLO"]

1. c4 Nf6 2. g3 g6 3. Bg2 d5 4. cxd5 Nxd5 5. Nc3 Nxc3 6. bxc3 Bg7 7. Nf3 0-0 8. 0-0 c5 9. a4 Nc6 10. Ba3 b6 11. d4 Bb7 12. dxc5 bxc5 13. Qxd8 Rfxd8 14. Bxc5 Bxc3 15. Rab1 Rab8 16. Rfc1 Bf6 17. Ne1 Ba8 18. Rxb8 Rxb8 19. Be3 Nd4 20. Bxd4 Bxd4 21. Bxa8 Rxa8 22. Rc7 Kf8 23. Nf3 Bb6 24. Rb7 Rc8 25. Ne5 Rc1+ 26. Kg2 Ra1 27. Nd7+ Ke8 28. Nxb6 axb6 29. Rxb6 Rxa4 30. Kf3 h5 31. h4 f6 32. Re6 Kf7 1/2-1/2

[Event "SLO-chT1 West"]
[Site "Ljubljana"]
[Date "2012.09.29"]
[Round "5.5"]
[White "Vidic, Miha"]
[Black "Petek, Primoz"]
[Result "1/2-1/2"]
[WhiteElo "2090"]
[BlackElo "2085"]
[PlyCount "123"]
[EventDate "2012.09.21"]
[EventType "team-tourn"]
[EventRounds "9"]
[EventCountry "SLO"]
[SourceTitle "EXT 2022"]
[Source "ChessBase"]
[SourceDate "2021.10.06"]
[SourceVersion "1"]
[SourceVersionDate "2021.10.06"]
[SourceQuality "1"]
[WhiteTeam "Piran"]
[BlackTeam "Gorenjka Lesce"]
[WhiteTeamCountry "SLO"]
[BlackTeamCountry "SLO"]

1. d4 d5 2. Nf3 Nc6 3. c4 Bg4 4. Nc3 e6 5. Bg5 Be7 6. Bxe7 Ngxe7 7. e3 0-0 8. cxd5 Nxd5 9. Be2 Nxc3 10. bxc3 Qd6 11. 0-0 Rad8 12. Qc2 Bxf3 13. Bxf3 Na5 14. Qa4 b6 15. c4 c5 16. d5 e5 17. e4 Qd7 18. Qc2 Nb7 19. Rfe1 Nd6 20. a4 Qc7 21. g3 g6 22. Bg2 f5 23. f4 Rde8 24. exf5 Nxf5 25. Qe4 Nd6 26. Qc2 exf4 27. gxf4 Rxe1+ 28. Rxe1 Rxf4 29. Bh3 Qd8 30. Be6+ Kg7 31. a5 Qg5+ 32. Kh1 Qh4 33. Qc3+ Qf6 34. Qxf6+ Kxf6 35. axb6 axb6 36. Bd7 Nxc4 37. Re6+ Kg7 38. Bb5 Na3 39. Rxb6 Rd4 40. d6 c4 41. Ba4 c3 42. d7 c2 43. Rc6 Rxd7 44. Bxc2 Nxc2 45. Rxc2 Kh6 46. Kg2 Kh5 47. Ra2 h6 48. Rb2 g5 49. Ra2 Kh4 50. h3 Rd4 51. Rb2 Rf4 52. Rb6 Kh5 53. Kg3 Rd4 54. Kg2 Rd3 55. Ra6 Rd8 56. Kg3 Rc8 57. Rb6 Rc1 58. Kg2 Rc7 59. Kg3 Rg7 60. Rc6 Rg6 61. Rxg6 Kxg6 62. h4 1/2-1/2

[Event "Split op 2nd"]
[Site "Split"]
[Date "2012.08.17"]
[Round "7"]
[White "Adrian, Claude"]
[Black "Petek, Primoz"]
[Result "1-0"]
[WhiteElo "2263"]
[BlackElo "2106"]
[PlyCount "57"]
[EventDate "2012.08.11"]
[EventType "swiss"]
[EventRounds "9"]
[EventCountry "CRO"]
[SourceTitle "CBM 149 Extra"]
[Source "ChessBase"]
[SourceDate "2012.08.24"]
[SourceVersion "1"]
[SourceVersionDate "2012.08.24"]
[SourceQuality "1"]

1. Nf3 Nc6 2. d4 d5 3. c4 Bg4 4. cxd5 Bxf3 5. dxc6 Bxc6 6. Nc3 e6 7. e4 Bb4 8. f3 Qh4+ 9. g3 Qh5 10. Be3 0-0-0 11. Bc4 Nh6 12. 0-0 g5 13. Qb3 Bxc3 14. bxc3 Bxe4 15. fxe4 Ng4 16. Rf2 Nxe3 17. Rb1 Nxc4 18. Qxb7+ Kd7 19. Qb5+ c6 20. Qb7+ Ke8 21. Qxc6+ Kf8 22. Qxc4 Kg7 23. Rb7 Qg6 24. Qc7 Rhf8 25. Rxa7 Rde8 26. Qe5+ Kg8 27. Kg2 Rb8 28. d5 exd5 29. exd5 1-0

[Event "Split op 2nd"]
[Site "Split"]
[Date "2012.08.12"]
[Round "2"]
[White "Bontempi, Piero"]
[Black "Petek, Primoz"]
[Result "1-0"]
[WhiteElo "2347"]
[BlackElo "2106"]
[PlyCount "43"]
[EventDate "2012.08.11"]
[EventType "swiss"]
[EventRounds "9"]
[EventCountry "CRO"]
[SourceTitle "CBM 149 Extra"]
[Source "ChessBase"]
[SourceDate "2012.08.24"]
[SourceVersion "1"]
[SourceVersionDate "2012.08.24"]
[SourceQuality "1"]

1. e4 Nc6 2. Nf3 d5 3. exd5 Qxd5 4. Nc3 Qa5 5. Bb5 Bd7 6. d4 0-0-0 7. Qe2 a6 8. Bxc6 Bxc6 9. Ne5 Be8 10. Be3 Nf6 11. 0-0 e6 12. a3 Nd5 13. Nxd5 exd5 14. a4 Bd6 15. Qg4+ f5 16. Qxg7 Bxe5 17. dxe5 Bg6 18. c3 c6 19. e6 Rhg8 20. Qd4 Qc7 21. Bf4 Rd6 22. Qe5 1-0

[Event "SLO-chT1 West"]
[Site "Ljubljana"]
[Date "2010.10.16"]
[Round "8.6"]
[White "Jeraj, Zlatko"]
[Black "Petek, Primoz"]
[Result "0-1"]
[WhiteElo "2099"]
[BlackElo "2087"]
[PlyCount "71"]
[EventDate "2010.09.24"]
[EventType "team-tourn"]
[EventRounds "9"]
[EventCountry "SLO"]
[SourceTitle "CBM 138 Extra"]
[Source "ChessBase"]
[SourceDate "2010.10.29"]
[SourceVersion "1"]
[SourceVersionDate "2010.10.29"]
[SourceQuality "1"]
[WhiteTeam "Jesenice"]
[BlackTeam "Gorenjka Lesce"]
[WhiteTeamCountry "SLO"]
[BlackTeamCountry "SLO"]

1. d4 d5 2. Nf3 Nc6 3. g3 Bg4 4. Nbd2 Qd7 5. c3 e6 6. Bg2 0-0-0 7. a4 e5 8. a5 e4 9. Ng1 h5 10. h3 Be6 11. b4 h4 12. b5 Nb8 13. b6 cxb6 14. axb6 a6 15. g4 f5 16. gxf5 Bxf5 17. Nf1 Nh6 18. Bg5 Be7 19. Bf4 g5 20. Be5 Rhg8 21. Ne3 g4 22. Qb3 gxh3 23. Nxh3 Rxg2 24. Nxg2 Bxh3 25. Nf4 Bf5 26. c4 Ng4 27. cxd5 Nxe5 28. dxe5 Nc6 29. Rc1 Kb8 30. e6 Qd6 31. dxc6 Qd2+ 32. Kf1 Qxc1+ 33. Kg2 Qxc6 34. Qb2 Rg8+ 35. Kh2 Bd6 36. e3 0-1

[Event "SLO-chT1 West"]
[Site "Ljubljana"]
[Date "2010.09.25"]
[Round "2.5"]
[White "Saradjen, Janko"]
[Black "Petek, Primoz"]
[Result "1-0"]
[WhiteElo "2136"]
[BlackElo "2087"]
[PlyCount "63"]
[EventDate "2010.09.24"]
[EventType "team-tourn"]
[EventRounds "9"]
[EventCountry "SLO"]
[SourceTitle "CBM 138 Extra"]
[Source "ChessBase"]
[SourceDate "2010.10.29"]
[SourceVersion "1"]
[SourceVersionDate "2010.10.29"]
[SourceQuality "1"]
[WhiteTeam "Ljubljana Vidmar"]
[BlackTeam "Gorenjka Lesce"]
[WhiteTeamCountry "SLO"]
[BlackTeamCountry "SLO"]

1. e4 Nc6 2. Nc3 Nf6 3. g3 d5 4. Bg2 d4 5. Nce2 e5 6. d3 Bd6 7. h3 Bd7 8. f4 Qe7 9. Nf3 0-0-0 10. 0-0 h5 11. fxe5 Nxe5 12. Nexd4 Nxf3+ 13. Qxf3 Qe5 14. Ne2 Qc5+ 15. d4 Qb6 16. Be3 Bc6 17. Qf5+ Nd7 18. b3 Rhe8 19. c4 g6 20. Qf2 Bxe4 21. Bxe4 Rxe4 22. c5 Qa6 23. Nc3 Rxe3 24. Qxe3 Bf8 25. Rxf7 g5 26. Raf1 g4 27. hxg4 hxg4 28. Qe4 Bh6 29. Nd5 Qxa2 30. c6 Nb6 31. Rxc7+ Kb8 32. Rxb7+ 1-0

[Event "SLO-chT1 West"]
[Site "Ljubljana"]
[Date "2010.09.24"]
[Round "1.5"]
[White "Petek, Primoz"]
[Black "Jansa, Andrej"]
[Result "1-0"]
[WhiteElo "2087"]
[BlackElo "2028"]
[PlyCount "67"]
[EventDate "2010.09.24"]
[EventType "team-tourn"]
[EventRounds "9"]
[EventCountry "SLO"]
[SourceTitle "CBM 138 Extra"]
[Source "ChessBase"]
[SourceDate "2010.10.29"]
[SourceVersion "1"]
[SourceVersionDate "2010.10.29"]
[SourceQuality "1"]
[WhiteTeam "Gorenjka Lesce"]
[BlackTeam "Kocevje"]
[WhiteTeamCountry "SLO"]
[BlackTeamCountry "SLO"]

1. c4 e5 2. Nc3 g6 3. g3 Bg7 4. Bg2 Nc6 5. Nf3 d6 6. 0-0 Nge7 7. d3 h5 8. Nd5 Nf5 9. Ng5 Nce7 10. Rb1 c6 11. Nxe7 Qxe7 12. b4 a6 13. a4 h4 14. b5 axb5 15. axb5 c5 16. Ne4 Ra2 17. Nc3 hxg3 18. fxg3 Ra5 19. Nd5 Qd8 20. Bd2 Ra2 21. Ra1 Rxa1 22. Qxa1 Nd4 23. Qe1 Bg4 24. Rf2 Kf8 25. Ne3 Bc8 26. Bd5 Ne6 27. Qf1 Qe7 28. Be4 Kg8 29. Nd5 Qe8 30. Nb6 Nd4 31. Nxc8 Qxc8 32. Bd5 Qg4 33. Rxf7 Kh7 34. Rxg7+ 1-0

[Event "SLO-chT1a West"]
[Site "Ljubljana"]
[Date "2009.10.17"]
[Round "7.6"]
[White "Novkovic, Stojan"]
[Black "Petek, Primoz"]
[Result "0-1"]
[WhiteElo "2089"]
[BlackElo "2083"]
[PlyCount "155"]
[EventDate "2009.10.09"]
[EventType "team-tourn"]
[EventRounds "9"]
[EventCountry "SLO"]
[SourceTitle "EXT 2012"]
[Source "ChessBase"]
[SourceDate "2011.11.24"]
[SourceVersion "1"]
[SourceVersionDate "2011.11.24"]
[SourceQuality "1"]
[WhiteTeam "Podpec"]
[BlackTeam "Gorenjka Lesce"]
[WhiteTeamCountry "SLO"]
[BlackTeamCountry "SLO"]

1. e4 e5 2. Nf3 Nc6 3. Bb5 a6 4. Bc4 Nf6 5. d3 Bc5 6. 0-0 d6 7. a3 Bg4 8. h3 Bh5 9. b4 Bb6 10. c3 h6 11. Nbd2 Qe7 12. Re1 g5 13. g4 Bxg4 14. hxg4 Nxg4 15. Re2 0-0-0 16. Qf1 Nxf2 17. d4 g4 18. Qxf2 gxf3 19. Nxf3 Rhg8+ 20. Kf1 Rg4 21. Nh2 Rh4 22. Be3 exd4 23. Bxd4 Nxd4 24. cxd4 Kb8 25. Rae1 Qg5 26. Qe3 Qxe3 27. Rxe3 Rxh2 28. Rd3 Rg8 29. Re2 Rh1+ 30. Kf2 Rg6 31. Ke3 Rh3+ 32. Kd2 Rgg3 33. Rxg3 Rxg3 34. Re3 Rg2+ 35. Kd3 Rf2 36. Rh3 Rf6 37. e5 Rf4 38. Rxh6 Rxd4+ 39. Kc3 dxe5 40. Bxf7 Rf4 41. Bd5 Rg4 42. a4 a5 43. bxa5 Bxa5+ 44. Kb3 Bb4 45. Rh8+ Ka7 46. Rg8 Rf4 47. Re8 Bd6 48. Re6 Rb4+ 49. Kc3 Rxa4 50. Bc4 Ra3+ 51. Kb2 Ra5 52. Re8 b5 53. Be2 Kb6 54. Rb8+ Kc5 55. Bf3 Kd4 56. Bc6 b4 57. Rh8 Ra3 58. Rh4+ Kc5 59. Bd7 Rf3 60. Be6 Rf4 61. Rh2 e4 62. Rd2 Be5+ 63. Kc2 Bd4 64. Rd1 Rf2+ 65. Kb1 Rb2+ 66. Kc1 Rg2 67. Bh3 Rg1 68. Bf1 Kd5 69. Kc2 c5 70. Kb3 Rg3+ 71. Kc2 Ra3 72. Rb1 Ra1 73. Rxa1 Bxa1 74. Kb3 Kd4 75. Bc4 Ke3 76. Kc2 Kf2 77. Kd1 e3 78. Bd3 0-1

[Event "SLO-chT1a West"]
[Site "Ljubljana"]
[Date "2009.10.11"]
[Round "5.5"]
[White "Debevec, Blaz"]
[Black "Petek, Primoz"]
[Result "1/2-1/2"]
[WhiteElo "2012"]
[BlackElo "2083"]
[PlyCount "65"]
[EventDate "2009.10.09"]
[EventType "team-tourn"]
[EventRounds "9"]
[EventCountry "SLO"]
[SourceTitle "EXT 2012"]
[Source "ChessBase"]
[SourceDate "2011.11.24"]
[SourceVersion "1"]
[SourceVersionDate "2011.11.24"]
[SourceQuality "1"]
[WhiteTeam "Komenda"]
[BlackTeam "Gorenjka Lesce"]
[WhiteTeamCountry "SLO"]
[BlackTeamCountry "SLO"]

1. e4 e5 2. Nf3 Nc6 3. Bc4 Nf6 4. d3 h6 5. c3 d6 6. h3 g6 7. 0-0 Bg7 8. Re1 0-0 9. Bb3 Kh7 10. d4 Qe8 11. dxe5 dxe5 12. Nbd2 Nh5 13. Nf1 Be6 14. Qe2 a6 15. Bc2 b5 16. b3 Rd8 17. Kh2 Ne7 18. g3 Qc6 19. Bb2 f6 20. Ne3 Qb7 21. Rad1 Qc8 22. Ng1 Rxd1 23. Rxd1 Rd8 24. Rxd8 Qxd8 25. Qd3 Qxd3 26. Bxd3 Nc8 27. Ne2 Bf8 28. c4 c6 29. cxb5 cxb5 30. g4 Ng7 31. Nc3 Nb6 32. Kg2 Kg8 33. Kf3 1/2-1/2

[Event "SLO-chT1a West"]
[Site "Ljubljana"]
[Date "2009.10.11"]
[Round "4.6"]
[White "Mrak, Matevz"]
[Black "Petek, Primoz"]
[Result "0-1"]
[WhiteElo "1695"]
[BlackElo "2083"]
[PlyCount "48"]
[EventDate "2009.10.09"]
[EventType "team-tourn"]
[EventRounds "9"]
[EventCountry "SLO"]
[SourceTitle "EXT 2012"]
[Source "ChessBase"]
[SourceDate "2011.11.24"]
[SourceVersion "1"]
[SourceVersionDate "2011.11.24"]
[SourceQuality "1"]
[WhiteTeam "Kranj Stari Mayr"]
[BlackTeam "Gorenjka Lesce"]
[WhiteTeamCountry "SLO"]
[BlackTeamCountry "SLO"]

1. e4 e5 2. Nf3 Nc6 3. Bc4 Nf6 4. Ng5 d5 5. exd5 Nd4 6. d6 Qxd6 7. Nxf7 Qc6 8. 0-0 Qxc4 9. Nxh8 Bg4 10. f3 Bf5 11. b3 Qg8 12. d3 0-0-0 13. Ba3 Qxh8 14. Bxf8 Qxf8 15. Nd2 Qc5 16. Kh1 Qxc2 17. Ne4 Nd5 18. Qxc2 Nxc2 19. Rac1 Ncb4 20. Rfd1 Nf4 21. Kg1 Ne2+ 22. Kf1 Nxc1 23. Rxc1 Nxd3 24. Rc3 Bxe4 0-1